000 00579nam a2200193 a 4500
001 BRCA_1455
005 20190320203433.0
008 900402s1984 mx-a---###---#000-0#spa-d
050 4 _aSF284.42.M4
_b.V35 1984
100 1 _aValero Silva, José
_94764
245 1 0 _aEl libro de la charrería
_cJosé Valero Silva.
260 _aMéxico
_bEdiciones Gacela
_c1987
300 _aix, 222 p.
_bil. (algunas a color)
_c33 cm.
500 _aIncluye glosario
650 1 4 _aCharros
_94351
651 4 _aMéxico
_xVida social y costumbres
_9769
653 0 _aVida cotidiana
942 _2lcc
_cB
999 _c1317
_d1317